[Event "Vaujany 2022 Principal"]
[Site "?"]
[Date "2022.07.17"]
[Round "4.16"]
[White "Geher, Koppany"]
[Black "Breuil, Tristan"]
[Result "0-1"]
[WhiteElo "2271"]
[BlackElo "2072"]
[PlyCount "76"]
[SourceVersionDate "2022.07.14"]

1. e4 c5 2. Nf3 Nc6 3. d4 cxd4 4. Nxd4 Nf6 5. Nc3 d6 6. Bg5 e6 7. Bb5 Bd7 8.
Qd3 a6 9. Bxc6 bxc6 10. O-O-O Qc7 11. Rhe1 Be7 12. Nb3 c5 13. Nd2 Bc6 14. Nc4
O-O-O 15. Qe2 h6 16. Bf4 e5 17. Bd2 Rd7 18. a4 Bd8 19. f4 Re8 20. fxe5 dxe5 21.
a5 Kb7 22. Be3 Rd4 23. Bxd4 cxd4 24. Qd3 Be7 25. Nb1 Bb5 26. Nbd2 Rc8 27. Qb3
Nd7 28. Nb6 Nxb6 29. axb6 Kxb6 30. Kb1 Ka7 31. g3 Bd7 32. h4 Be6 33. Qd3 Bb4
34. Rf1 f6 35. Rf2 Qb6 36. Kc1 Qa5 37. Nb1 Qa1 38. g4 Bc4 0-1

[Event "Vaujany 2022 Principal"]
[Site "?"]
[Date "2022.07.17"]
[Round "4.21"]
[White "Frick, Christoph"]
[Black "Ongut, Tamas Gunes"]
[Result "0-1"]
[WhiteElo "2118"]
[BlackElo "2307"]
[PlyCount "50"]
[SourceVersionDate "2022.07.14"]

1. d4 g6 2. e4 Bg7 3. Nc3 d6 4. Nf3 Nc6 5. h3 Nf6 6. Be3 O-O 7. Qd2 a6 8. Bh6
b5 9. Bxg7 Kxg7 10. a3 e5 11. O-O-O Bb7 12. d5 Ne7 13. g4 c5 14. dxc6 Bxc6 15.
Qe3 Qb8 16. Nd2 a5 17. f4 b4 18. Ncb1 d5 19. f5 Nd7 20. h4 Qa7 21. Qf3 bxa3 22.
Nxa3 Rab8 23. g5 f6 24. gxf6+ Nxf6 25. exd5 Bxd5 0-1

[Event "Vaujany 2022 Principal"]
[Site "?"]
[Date "2022.07.17"]
[Round "4.27"]
[White "Thill-Solente, Gabriel"]
[Black "Bat, Bilguun"]
[Result "1-0"]
[WhiteElo "1793"]
[BlackElo "2162"]
[PlyCount "61"]
[SourceVersionDate "2022.07.14"]

{[%evp 0,61,27,10,40,47,67,53,62,37,37,37,43,36,72,28,38,16,19,11,35,-16,26,0,
-2,6,152,-25,-29,-165,-99,-60,77,-78,-36,-191,-97,-109,-84,-128,-15,-42,-70,
-49,-49,-49,-49,-61,-21,-13,-19,-5,-5,-26,-32,-16,4,0,0,0,-8,1,1167,1213]} 1.
e4 c5 2. Nf3 d6 3. d4 cxd4 4. Nxd4 Nf6 5. Nc3 a6 6. Bg5 e6 7. f4 Be7 8. Be2
Nbd7 9. Qd2 Qc7 10. Bf3 Rb8 11. O-O-O h6 12. Bh4 Nxe4 13. Nxe4 Bxh4 14. f5 d5
15. fxe6 Ne5 16. Nf5 dxe4 17. Nxh4 Bxe6 18. Bxe4 Nc4 19. Qf2 Qe5 20. Qd4 Qg5+
21. Kb1 O-O 22. Nf3 Qa5 23. Bd3 b5 24. Qe4 g6 25. Qe1 b4 26. Bxc4 Bxc4 27. b3
Be6 28. Nd4 Bd5 29. Qh4 Kh7 30. Qf6 Bxg2 {(=)} 31. Ne6 1-0

[Event "Vaujany 2022 Principal"]
[Site "?"]
[Date "2022.07.17"]
[Round "4.31"]
[White "Bokorovics, Bertalan"]
[Black "Rebut, Paul"]
[Result "1/2-1/2"]
[WhiteElo "2263"]
[BlackElo "1943"]
[PlyCount "104"]
[SourceVersionDate "2022.07.14"]

{[%evp 0,32,27,9,47,30,67,72,64,36,37,37,36,36,69,16,19,15,29,19,8,-9,-5,-35,
-48,-48,-26,-83,-139,-83,-80,-111,-100,-93,-50]} 1. e4 c5 2. Nf3 d6 3. d4 cxd4
4. Nxd4 Nf6 5. Nc3 a6 6. Bg5 e6 7. f4 h6 8. Bh4 Qb6 9. Qd2 Qxb2 10. Rb1 Qa3 11.
e5 dxe5 12. fxe5 Nfd7 13. Ne4 Qxa2 14. Rd1 Qd5 15. Qe3 Qxe5 16. Be2 Bc5 17. Bg3
Bxd4 18. Rxd4 Qa5+ 19. Rd2 O-O 20. Bd6 f5 21. Bxf8 Nxf8 22. Nd6 Nbd7 23. O-O
Qc5 24. Kf2 Qxe3+ 25. Kxe3 Nc5 26. Rb1 Rb8 27. Bf3 b5 28. c4 Bb7 29. Nxb7 Nxb7
30. cxb5 Na5 31. Be2 axb5 32. Rxb5 Rxb5 33. Bxb5 Nb7 34. Bc6 Na5 35. Bb5 Nb7
36. Bc6 Na5 37. Bb5 Nb7 38. Be8 Nc5 39. Bc6 Kf7 40. Rc2 Ncd7 41. Bxd7 {(=)}
Nxd7 42. Kd4 Kf6 43. Rc7 Nb6 44. g3 Nd5 45. Rc8 Nb6 46. Rf8+ Ke7 47. Rg8 Kf7
48. Rb8 Nd7 49. Rd8 Nf6 50. Ra8 Nd7 51. Rd8 Nf6 52. Ra8 Nd7 1/2-1/2

[Event "Vaujany 2022 Principal"]
[Site "Vaujany"]
[Date "2022.07.17"]
[Round "4.34"]
[White "Maret, Simon"]
[Black "Bourgois, Bastien"]
[Result "1-0"]
[WhiteElo "1912"]
[BlackElo "2170"]
[PlyCount "33"]
[EventDate "2022.07.14"]
[EventType "swiss"]
[EventRounds "9"]
[EventCountry "FRA"]
[SourceVersionDate "2022.07.14"]

1. Nf3 d5 2. e3 Nf6 3. b3 g6 4. Bb2 Bg7 5. d4 O-O 6. Bd3 a5 7. O-O a4 8. c4 c6
9. bxa4 Qa5 10. Nc3 Bg4 11. h3 dxc4 12. Bxc4 Bf5 13. Qb3 Ne4 14. g4 b5 15. axb5
cxb5 16. Bd5 Nxc3 17. Bxc3 1-0

[Event "Vaujany 2022 Principal"]
[Site "Vaujany"]
[Date "2022.07.18"]
[Round "5.1"]
[White "Can, Isik"]
[Black "Bailet, Pierre"]
[Result "1-0"]
[WhiteElo "2445"]
[BlackElo "2508"]
[Annotator "promoechecs"]
[PlyCount "79"]
[EventDate "2022.07.14"]
[EventType "swiss"]
[EventRounds "9"]
[EventCountry "FRA"]
[SourceVersionDate "2022.07.14"]

{[%evp 0,62,27,24,13,4,7,-4,-12,-30,-39,-5,0,-27,-35,-35,-10,-22,-16,-7,-11,
-19,-8,-8,-10,-32,-35,-29,-35,-41,-41,-29,-33,-9,-47,-88,82,53,88,141,137,133,
122,138,131,141,162,139,164,141,145,150,141,147,145,149,171,162,173,176,187,
158,135,176,209]} 1. e4 e5 2. Nc3 Nf6 3. f4 d5 4. fxe5 Nxe4 5. Qf3 Nc6 6. Bb5
Nxc3 7. dxc3 Qh4+ 8. g3 Qe4+ 9. Qxe4 dxe4 10. Ne2 Bd7 11. Bxc6 Bxc6 12. Rf1 Bc5
13. Nd4 Bd5 14. Nf5 g6 15. Ng7+ Kd7 16. Bg5 Kc8 17. O-O-O Bc4 18. Rfe1 h6 19.
Rxe4 hxg5 20. Rxc4 Be3+ 21. Kb1 b5 22. Re4 Bb6 23. a4 Kb7 24. Rf1 Raf8 25. e6
fxe6 26. Rxf8 Rxf8 27. axb5 Rf1+ 28. Ka2 Rf2 29. Kb3 Rxh2 30. Nxe6 Rh3 31. g4
Be3 32. Nd8+ Kc8 33. Nc6 Rg3 34. Re8+ Kd7 35. Rd8+ Ke6 36. Rd3 Bf2 37. Rxg3
Bxg3 38. c4 Kd6 39. Kb4 Bf2 40. Ka5 1-0

[Event "Vaujany 2022 Principal"]
[Site "Vaujany"]
[Date "2022.07.18"]
[Round "5.2"]
[White "Di Nicolantonio, Lucas"]
[Black "Barua, Dibyendu"]
[Result "0-1"]
[WhiteElo "2369"]
[BlackElo "2393"]
[PlyCount "114"]
[EventDate "2022.07.14"]
[EventType "swiss"]
[EventRounds "9"]
[EventCountry "FRA"]
[SourceVersionDate "2022.07.14"]

1. e4 e6 2. d4 d5 3. Nd2 Nf6 4. e5 Nfd7 5. f4 c5 6. c3 Nc6 7. Ndf3 Qb6 8. a3 a5
9. b3 cxd4 10. cxd4 Be7 11. h4 f6 12. Bd3 f5 13. Be3 Bxa3 14. Ne2 Bb4+ 15. Kf2
h5 16. Ng5 Nf8 17. Qb1 Bd7 18. Rc1 Nh7 19. Nf3 O-O 20. Nc3 Bxc3 21. Rxc3 Nb4
22. Be2 Rfc8 23. Rc5 Qd8 24. Qb2 b6 25. Rcc1 Qe8 26. Bd2 Nc6 27. g3 Na7 28.
Rxc8 Rxc8 29. b4 a4 30. b5 Bxb5 31. Bxb5 Nxb5 32. Rb1 a3 33. Qb3 Rc4 34. Bb4
Qc6 35. Bxa3 Rc2+ 36. Kg1 Nxa3 37. Qxa3 Rc3 38. Qd6 Qc8 39. Kg2 Nf8 40. Qxb6
Rc2+ 41. Kh3 Rf2 42. Qb3 Qa6 43. Qe3 Qa2 44. Rh1 Qc2 45. Rh2 Rxh2+ 46. Nxh2 Qe4
47. Qc3 Qe2 48. Nf3 Qf1+ 49. Kh2 Qf2+ 50. Kh3 Kh7 51. Ng5+ Kh6 52. Qf3 Qg1 53.
Nf7+ Kh7 54. Ng5+ Kg6 55. Nxe6 Nxe6 56. Qxd5 Nxd4 57. Qd6+ Kh7 0-1

[Event "Vaujany 2022 Principal"]
[Site "?"]
[Date "2022.07.18"]
[Round "5.3"]
[White "Hamdouchi, Hicham"]
[Black "Dudognon, Thibault"]
[Result "1/2-1/2"]
[WhiteElo "2536"]
[BlackElo "2302"]
[PlyCount "60"]
[SourceVersionDate "2022.07.14"]

1. e4 c5 2. Nf3 d6 3. Bc4 Nf6 4. d3 Nc6 5. Bb3 g6 6. c3 Bg7 7. O-O O-O 8. Re1
b5 9. h3 e5 10. a4 b4 11. Bg5 Qc7 12. Nbd2 Rb8 13. Ba2 Be6 14. Nc4 Na5 15. Nfd2
Nxc4 16. Bxc4 Nh5 17. Nf1 Nf4 18. Qd2 h6 19. Bh4 f5 20. Bxe6+ Nxe6 21. Ne3 f4
22. Nd5 Qd7 23. f3 g5 24. Bf2 Nc7 25. Nxc7 Qxc7 26. d4 exd4 27. cxd4 c4 28.
Rac1 Rfd8 29. h4 Qf7 30. hxg5 hxg5 1/2-1/2

[Event "Vaujany 2022 Principal"]
[Site "Vaujany"]
[Date "2022.07.18"]
[Round "5.4"]
[White "Lamaze, S.."]
[Black "Bauer, Christian"]
[Result "0-1"]
[WhiteElo "2366"]
[BlackElo "2609"]
[PlyCount "74"]
[EventDate "2022.07.14"]
[EventType "swiss"]
[EventRounds "9"]
[EventCountry "FRA"]
[SourceVersionDate "2022.07.14"]

1. d4 d6 2. Nf3 Nf6 3. g3 c6 4. c4 g6 5. Bg2 Bg7 6. O-O O-O 7. Nc3 a6 8. e4 Bg4
9. Qd3 Nfd7 10. Be3 c5 11. Nd2 Nc6 12. d5 Nde5 13. Qb1 Na5 14. h3 Bd7 15. b3
Nexc4 16. bxc4 Bxc3 17. Bh6 b5 18. Qc1 Bxa1 19. Qxa1 f6 20. Bxf8 Qxf8 21. f4
Nxc4 22. Nxc4 bxc4 23. e5 fxe5 24. fxe5 Qg7 25. Rb1 Bf5 26. Re1 Rb8 27. Kh2 Bd3
28. Qc3 Rf8 29. Qa5 dxe5 30. Qxa6 Qf6 31. Qa7 Qd6 32. a4 e4 33. a5 c3 34. a6 c2
35. Ra1 Rb8 36. h4 Rb1 37. Qa8+ Kg7 0-1

[Event "Vaujany 2022 Principal"]
[Site "Vaujany"]
[Date "2022.07.18"]
[Round "5.5"]
[White "Joie, Sebastian"]
[Black "Sengupta, Deep"]
[Result "1/2-1/2"]
[WhiteElo "2364"]
[BlackElo "2534"]
[PlyCount "75"]
[EventDate "2022.07.14"]
[EventType "swiss"]
[EventRounds "9"]
[EventCountry "FRA"]
[SourceVersionDate "2022.07.14"]

1. Nf3 c5 2. c4 Nc6 3. d4 cxd4 4. Nxd4 g6 5. e4 Bg7 6. Be3 Nf6 7. Nc3 O-O 8.
Be2 d6 9. O-O a5 10. h3 a4 11. Nxc6 bxc6 12. e5 dxe5 13. Nxa4 Qxd1 14. Bxd1 Be6
15. Nb6 Ra6 16. a4 Rb8 17. a5 Nd7 18. Bf3 e4 19. Bxe4 Bxb2 20. Nxd7 Bxd7 21.
Rab1 f5 22. Bf3 Be6 23. Bd4 Bxd4 24. Rxb8+ Kf7 25. Rd8 Be5 26. Re1 Rxa5 27.
Bxc6 Bxc4 28. Bd5+ Bxd5 29. Rxe5 e6 30. Re2 Ra7 31. Rc8 g5 32. Rec2 Kg6 33. Kh2
h5 34. Rg8+ Kf6 35. Rf8+ Kg7 36. Rfc8 Kf6 37. Rf8+ Kg7 38. Rfc8 1/2-1/2

[Event "Vaujany 2022 Principal"]
[Site "Vaujany"]
[Date "2022.07.18"]
[Round "5.6"]
[White "Breuil, Tristan"]
[Black "Das, Sayantan"]
[Result "0-1"]
[WhiteElo "2072"]
[BlackElo "2449"]
[PlyCount "94"]
[EventDate "2022.07.14"]
[EventType "swiss"]
[EventRounds "9"]
[EventCountry "FRA"]
[SourceVersionDate "2022.07.14"]

1. e4 c5 2. Nf3 e6 3. d4 cxd4 4. Nxd4 a6 5. Nc3 Qc7 6. g3 h5 7. Bg2 h4 8. O-O
Nc6 9. Nxc6 bxc6 10. Bf4 d6 11. e5 d5 12. Na4 hxg3 13. Bxg3 Nh6 14. c4 Nf5 15.
cxd5 cxd5 16. Rc1 Qa5 17. a3 Bd7 18. Nc3 Rd8 19. Kh1 Be7 20. Qf3 g6 21. Rfd1
Kf8 22. Ne2 Qb6 23. Qc3 Ba4 24. Re1 Kg7 25. Qd2 a5 26. Nc3 Bb3 27. Bf4 Rh4 28.
Bg5 Rd4 29. Be3 Rxd2 30. Bxb6 Rc8 31. Bxa5 Rxf2 32. Re2 Rf4 33. Ree1 Rh4 34.
Ne2 Rch8 35. h3 Bc4 36. Ng1 g5 37. Nf3 Rf4 38. Bd2 Rxf3 39. Bxf3 Rxh3+ 40. Kg2
Rg3+ 41. Kf2 g4 42. Bxg4 Rxg4 43. Rh1 Bh4+ 44. Kf3 Rg3+ 45. Kf2 Rd3+ 46. Rxh4
Rxd2+ 47. Ke1 Re2+ 0-1

[Event "Vaujany 2022 Principal"]
[Site "?"]
[Date "2022.07.18"]
[Round "5.8"]
[White "Philippe, Guillaume"]
[Black "Celik, Hasan Huseyin"]
[Result "0-1"]
[WhiteElo "2413"]
[BlackElo "2363"]
[PlyCount "80"]
[SourceVersionDate "2022.07.14"]

1. b3 d5 2. Bb2 Bf5 3. d3 e6 4. Nd2 Nf6 5. g3 c6 6. Bg2 h6 7. e4 Bh7 8. Ne2 a5
9. a3 Be7 10. O-O O-O 11. e5 Nfd7 12. f4 b5 13. Kh1 c5 14. Nc3 b4 15. axb4 cxb4
16. Ne2 Nc6 17. Nf3 Qb6 18. g4 a4 19. f5 a3 20. Bd4 Nxd4 21. Nexd4 Nxe5 22.
Nxe5 Qxd4 23. Nc6 Qc5 24. Nxe7+ Qxe7 25. Qd2 Rfc8 26. f6 gxf6 27. Rf3 Qf8 28.
Ra2 Bg6 29. Rxf6 Qg7 30. Rf1 Rab8 31. Bf3 Bh7 32. h4 Kh8 33. Qh2 Rg8 34. Qd2 f5
35. gxf5 Bxf5 36. Qe1 Qd4 37. Qa1 Qxa1 38. Raxa1 Rg3 39. Bg2 Rbg8 40. Rf2 R3g4
0-1

[Event "Vaujany 2022 Principal"]
[Site "Vaujany"]
[Date "2022.07.18"]
[Round "5.9"]
[White "Eveno, Nathan"]
[Black "Flear, Glenn C"]
[Result "1/2-1/2"]
[WhiteElo "2209"]
[BlackElo "2409"]
[Annotator "Flear,Glenn"]
[PlyCount "83"]
[EventDate "2022.07.14"]
[EventType "swiss"]
[EventRounds "9"]
[EventCountry "FRA"]
[SourceVersionDate "2022.07.14"]

{[%evp 0,83,19,31,34,19,13,4,13,-2,-9,0,-3,-5,8,2,31,-16,10,-34,64,2,30,34,33,
45,62,52,52,52,43,33,53,37,44,35,53,38,39,66,73,-42,-60,-60,-59,-59,-55,-54,
-54,-66,-68,-77,-66,-64,-70,-58,-78,-53,-84,-56,-75,-90,-95,-84,-78,-57,-57,
-33,-62,0,-74,0,-16,-16,0,0,-36,-35,0,-55,0,0,0,-46,-35,-46]} 1. e4 e5 2. Nf3
Nc6 3. Bb5 a6 4. Ba4 Nf6 5. O-O Bc5 6. c3 O-O 7. d4 Ba7 8. Re1 d6 9. h3 h6 10.
Be3 b5 11. Bc2 exd4 12. cxd4 Nb4 13. d5 c5 14. dxc6 Nxc6 15. Nc3 Re8 16. a4 b4
17. Nd5 a5 18. Rc1 Bb7 19. Bxa7 Rxa7 20. Nd4 $2 Nxd5 21. Nxc6 Bxc6 22. exd5
Rxe1+ 23. Qxe1 Bxd5 24. Qd2 Be6 25. Re1 Re7 26. Re3 Re8 27. Rd3 d5 28. Bb3 Qd7
29. Rg3 Kh8 30. Qd4 f6 31. Rd3 Qc7 32. Re3 Qd7 33. Qb6 Bg8 34. Qxa5 Rxe3 35.
fxe3 Qe7 36. Qb6 d4 37. Bxg8 Qxe3+ 38. Kh2 Qf4+ 39. Kg1 Qc1+ 40. Kh2 Qf4+ 41.
Kg1 Qe3+ 42. Kh2 1/2-1/2

[Event "Vaujany 2022 Principal"]
[Site "Vaujany"]
[Date "2022.07.18"]
[Round "5.10"]
[White "Degraeve, Remy"]
[Black "Devallee, J.."]
[Result "1-0"]
[WhiteElo "2403"]
[BlackElo "2283"]
[PlyCount "39"]
[EventDate "2022.07.14"]
[EventType "swiss"]
[EventRounds "9"]
[EventCountry "FRA"]
[SourceVersionDate "2022.07.14"]

1. e4 c5 2. Nf3 d6 3. d4 cxd4 4. Nxd4 Nf6 5. Nc3 Nc6 6. Bg5 e6 7. Qd2 Be7 8.
O-O-O Bd7 9. Ndb5 O-O 10. Nxd6 Qb8 11. f4 Rd8 12. e5 Ne8 13. Bxe7 Nxe7 14. Nxe8
Bxe8 15. Qxd8 Qxd8 16. Rxd8 Rxd8 17. Bd3 Nd5 18. Nxd5 Rxd5 19. Rd1 Bc6 20. c4
1-0

[Event "Vaujany 2022 Principal"]
[Site "Vaujany"]
[Date "2022.07.18"]
[Round "5.11"]
[White "Guilleux, Fabien"]
[Black "Bremond, Eric"]
[Result "1-0"]
[WhiteElo "2392"]
[BlackElo "2204"]
[PlyCount "53"]
[EventDate "2022.07.14"]
[EventType "swiss"]
[EventRounds "9"]
[EventCountry "FRA"]
[SourceVersionDate "2022.07.14"]

1. c4 c5 2. Nc3 Nf6 3. Nf3 d5 4. cxd5 Nxd5 5. e3 Nc6 6. d4 e6 7. Bd3 Be7 8. O-O
O-O 9. a3 cxd4 10. exd4 f5 11. Re1 Bf6 12. Bb5 Nde7 13. Be3 a6 14. Bc4 b5 15.
Ba2 Kh8 16. Rc1 b4 17. Na4 bxa3 18. bxa3 f4 19. Bxf4 Nxd4 20. Bc7 Nxf3+ 21.
Qxf3 Qe8 22. Qxa8 Qxa4 23. Bxe6 Qxa3 24. Bg3 Bc3 25. Red1 Qb2 26. Bxc8 Nxc8 27.
Qc6 1-0

[Event "Vaujany 2022 Principal"]
[Site "?"]
[Date "2022.07.18"]
[Round "5.12"]
[White "Degraeve, Jean"]
[Black "Maugenest, Ghislain"]
[Result "1-0"]
[WhiteElo "2519"]
[BlackElo "2203"]
[PlyCount "79"]
[SourceVersionDate "2022.07.14"]

1. d4 d5 2. c4 c6 3. cxd5 cxd5 4. Bf4 Nc6 5. e3 Nf6 6. Nc3 a6 7. Be2 e6 8. Nf3
Be7 9. Ne5 Bd7 10. Bd3 Nxe5 11. dxe5 Ne4 12. Nxe4 dxe4 13. Bxe4 g5 14. Bg3 h5
15. h3 Qa5+ 16. Kf1 h4 17. Bh2 Bb5+ 18. Kg1 Rd8 19. Qe1 Bb4 20. Qc1 O-O 21. a3
Bd2 22. Qd1 Bxe3 23. Qf3 Bxf2+ 24. Qxf2 Rd2 25. Qe3 Kh8 26. Bf4 gxf4 27. Qxf4
f5 28. Qxh4+ Kg7 29. Qg5+ Kh7 30. Qe7+ Kg8 31. Qxe6+ Kg7 32. Bf3 Qd8 33. Kh2
Bd7 34. Qb3 Rh8 35. Bxb7 f4 36. e6 Qc7 37. Bf3 Bc8 38. Rhc1 Qd8 39. Qc3+ Kh6
40. e7 1-0

[Event "Vaujany 2022 Principal"]
[Site "Vaujany"]
[Date "2022.07.18"]
[Round "5.13"]
[White "Adrian, Claude"]
[Black "Das, Arghyadip"]
[Result "0-1"]
[WhiteElo "2174"]
[BlackElo "2474"]
[PlyCount "72"]
[EventDate "2022.07.14"]
[EventType "swiss"]
[EventRounds "9"]
[EventCountry "FRA"]
[SourceVersionDate "2022.07.14"]

1. Nf3 d5 2. d4 Nf6 3. c4 e6 4. g3 dxc4 5. Bg2 Bd7 6. Bh3 Bb5 7. Bg2 Bd7 8. Ne5
Bc6 9. Nxc6 Nxc6 10. O-O Qd7 11. e3 O-O-O 12. Qa4 Nd5 13. Qxc4 h5 14. Nd2 h4
15. b4 hxg3 16. hxg3 Bxb4 17. Rb1 f5 18. Nb3 Qf7 19. Bd2 Bxd2 20. Nxd2 Nb6 21.
Qb3 g5 22. Qa3 f4 23. Rfc1 Rdf8 24. Rxc6 bxc6 25. Qxa7 fxe3 26. Ne4 exf2+ 27.
Kf1 Qh7 28. Qa6+ Kd8 29. Qb7 Qh2 30. Qb8+ Nc8 31. Nc5 Qg1+ 32. Ke2 f1=Q+ 33.
Bxf1 Rh2+ 34. Kd3 Qxg3+ 35. Kc4 Rc2+ 36. Kb4 Qc3+ 0-1

[Event "Vaujany 2022 Principal"]
[Site "?"]
[Date "2022.07.18"]
[Round "5.15"]
[White "Piceu, Tom"]
[Black "Fodor, Balazs"]
[Result "1-0"]
[WhiteElo "2320"]
[BlackElo "2166"]
[PlyCount "57"]
[SourceVersionDate "2022.07.14"]

1. d4 Nf6 2. c4 g6 3. Nc3 Bg7 4. Bf4 O-O 5. Nf3 d6 6. h3 Nbd7 7. e3 b6 8. Be2
Bb7 9. O-O Re8 10. Qc2 e5 11. dxe5 Nxe5 12. Nxe5 dxe5 13. Rfd1 Qe7 14. Bg5 Qe6
15. Rd2 h6 16. Bh4 g5 17. Bg3 Rad8 18. Rad1 Rxd2 19. Qxd2 Ne4 20. Nxe4 Bxe4 21.
Qd7 Qe7 22. c5 Bg6 23. Bc4 Kh7 24. c6 f6 25. h4 Qb4 26. hxg5 fxg5 27. Bb3 Re7
28. Qd8 Bf7 29. Rd7 1-0

[Event "Vaujany 2022 Principal"]
[Site "?"]
[Date "2022.07.18"]
[Round "5.17"]
[White "Ongut, Tamas Gunes"]
[Black "Dreelinck, Jacob"]
[Result "1-0"]
[WhiteElo "2307"]
[BlackElo "2074"]
[PlyCount "61"]
[SourceVersionDate "2022.07.14"]

{[%evp 0,61,34,29,32,-11,15,13,42,2,28,30,30,-14,33,-12,19,-15,-14,-35,11,8,78,
-14,-9,1,0,-37,-34,-37,-37,-14,-30,21,45,45,71,71,78,88,97,99,99,106,106,106,
159,175,177,181,387,387,563,630,684,694,494,803,825,867,29993,29994,29995,
29996]} 1. d4 Nf6 2. c4 c5 3. Nf3 g6 4. Nc3 Bg7 5. d5 d6 6. Bf4 O-O 7. e3 a6 8.
a4 Nh5 9. Bg5 Qc7 10. Be2 e5 11. dxe6 Bxe6 12. Nd2 Nf6 13. Nde4 Nxe4 14. Nxe4
Bxb2 15. Rb1 Be5 16. f4 Bg7 17. Qxd6 Qa5+ 18. Kf2 Bf5 19. Nf6+ Bxf6 20. Bxf6
Bxb1 21. Rxb1 Qxa4 22. Rxb7 Qc6 23. Qe7 Qe8 24. Bf3 Nc6 25. Qxc5 Rc8 26. Qg5
Qe6 27. Bg4 Qd6 28. Rd7 h6 29. Qh4 Qb4 30. Qxh6 Qb2+ 31. Bxb2 1-0

[Event "Vaujany 2022 Principal"]
[Site "?"]
[Date "2022.07.18"]
[Round "5.29"]
[White "Adrian, Leopold"]
[Black "Bokorovics, Bertalan"]
[Result "1/2-1/2"]
[WhiteElo "2061"]
[BlackElo "2263"]
[PlyCount "154"]
[SourceVersionDate "2022.07.14"]

1. Nf3 Nf6 2. c4 g6 3. d4 Bg7 4. g3 O-O 5. Bg2 d6 6. O-O Nbd7 7. Nc3 e5 8. Qc2
c6 9. Rd1 Re8 10. e4 exd4 11. Nxd4 Qe7 12. f3 Nb6 13. b3 d5 14. cxd5 cxd5 15.
Ncb5 Bd7 16. Ba3 Qe5 17. Nd6 dxe4 18. Nxe8 Rxe8 19. Rac1 Nbd5 20. Qe2 Qh5 21.
fxe4 Bg4 22. Bf3 h6 23. Bxg4 Nxg4 24. Rd2 b6 25. Bb2 Ndf6 26. Qf3 Nxe4 27. Re2
f5 28. Nc6 Bf8 29. b4 Ng5 30. Qb3+ Kh7 31. Ne5 Bg7 32. Rc7 Nxe5 33. Rxg7+ Kxg7
34. Rxe5 Rxe5 35. Bxe5+ Kh7 36. Bf4 Qf3 37. Qxf3 Nxf3+ 38. Kg2 Nd4 39. a4 a6
40. b5 axb5 41. axb5 Nxb5 42. Be3 g5 43. Bxb6 Kg6 44. Bc5 Nc7 45. Kf3 g4+ 46.
Kg2 Kf6 47. Bg1 Ne6 48. Be3 h5 49. Bc1 Ke5 50. h3 Ke4 51. hxg4 hxg4 52. Kf2 Kd3
53. Be3 Nd4 54. Bg5 Ne2 55. Bh6 Nc3 56. Bf4 Nd1+ 57. Ke1 Nb2 58. Kf2 Kd4 59.
Ke2 Ke4 60. Bh6 Na4 61. Bd2 Nb6 62. Bh6 Nd7 63. Bg7 Ne5 64. Bxe5 Kxe5 65. Ke3
Kf6 66. Kf2 Ke6 67. Ke2 Kd5 68. Kd3 Ke6 69. Ke2 Kf6 70. Kf2 Kg5 71. Ke3 f4+ 72.
gxf4+ Kf5 73. Kf2 Kxf4 74. Kg2 g3 75. Kg1 Kf3 76. Kf1 g2+ 77. Kg1 Kg3 1/2-1/2

[Event "Vaujany 2022 Principal"]
[Site "?"]
[Date "2022.07.18"]
[Round "5.31"]
[White "Bat, Bilguun"]
[Black "Burgalat, Eliot"]
[Result "1-0"]
[WhiteElo "2162"]
[BlackElo "1987"]
[PlyCount "45"]
[SourceVersionDate "2022.07.14"]

{[%evp 0,45,27,27,27,-4,0,4,33,33,28,4,15,-2,8,23,22,33,37,25,54,49,59,31,49,
15,42,40,66,63,64,76,111,118,118,91,136,51,89,155,123,32,45,35,86,70,212,222]} 
1. d4 Nf6 2. c4 e6 3. Nc3 Bb4 4. e3 O-O 5. Nge2 b6 6. a3 Bxc3+ 7. Nxc3 Bb7 8.
Bd3 d6 9. O-O Nbd7 10. Qc2 Re8 11. Rd1 Qe7 12. Bf1 Nf8 13. e4 e5 14. d5 Nh5 15.
g3 g6 16. b4 Bc8 17. c5 f5 18. Nb5 fxe4 19. cxd6 cxd6 20. Be3 Bg4 21. Rdc1 Rac8
22. Qa4 Qg7 23. Nxd6 1-0

[Event "Vaujany 2022 Principal"]
[Site "?"]
[Date "2022.07.19"]
[Round "6.1"]
[White "Barua, Dibyendu"]
[Black "Can, Isik"]
[Result "1-0"]
[WhiteElo "2393"]
[BlackElo "2445"]
[PlyCount "71"]
[SourceVersionDate "2022.07.14"]

1. e4 c6 2. d4 d5 3. exd5 cxd5 4. Bd3 Nc6 5. c3 Qc7 6. Nf3 Bg4 7. O-O e6 8. Re1
Bd6 9. h3 Bh5 10. Nbd2 Nge7 11. Nf1 h6 12. a4 O-O 13. Ne3 f5 14. Nf1 Rf6 15.
Be2 g5 16. Ne5 Bxe2 17. Qxe2 Ng6 18. Nxg6 Rxg6 19. Qh5 Qg7 20. b4 g4 21. hxg4
Rxg4 22. Qh3 Rg6 23. Ra2 Kh7 24. Rae2 Rg8 25. g3 f4 26. Rxe6 fxg3 27. f4 g2 28.
Nh2 Rxe6 29. Rxe6 Bf8 30. b5 Nd8 31. Re2 Qg3 32. Qxg3 Rxg3 33. Bd2 h5 34. Be1
Rg6 35. Re5 Bh6 36. Rxh5 {...} 1-0

[Event "Vaujany 2022 Principal"]
[Site "Vaujany"]
[Date "2022.07.19"]
[Round "6.2"]
[White "Bauer, C.."]
[Black "Guilleux, F.."]
[Result "1-0"]
[WhiteElo "2609"]
[BlackElo "2392"]
[PlyCount "31"]
[EventDate "2022.07.14"]
[EventType "swiss"]
[EventRounds "9"]
[EventCountry "FRA"]
[SourceVersionDate "2022.07.14"]

{[%evp 0,31,27,9,47,-8,20,-19,-14,-6,6,10,10,-46,-44,-39,-43,-27,-14,8,-7,7,34,
51,33,61,163,144,174,165,185,179,188,198]} 1. e4 c5 2. Na3 Nc6 3. Bb5 Nf6 4.
Bxc6 dxc6 5. d3 g6 6. f4 Bg7 7. Nf3 O-O 8. O-O b6 9. Nc4 Ng4 10. Qe1 b5 11. Na5
c4 12. h3 c3 13. b4 c5 14. hxg4 cxb4 15. Nb3 Bxg4 16. Ne5 1-0

[Event "Vaujany 2022 Principal"]
[Site "?"]
[Date "2022.07.19"]
[Round "6.3"]
[White "Bailet, Pierre"]
[Black "Dudognon, Thibault"]
[Result "1/2-1/2"]
[WhiteElo "2508"]
[BlackElo "2302"]
[PlyCount "100"]
[SourceVersionDate "2022.07.14"]

1. e4 c5 2. Nf3 d6 3. d4 cxd4 4. Nxd4 Nf6 5. Nc3 a6 6. Be3 e5 7. Nf3 Nc6 8. Bc4
Be6 9. Bb3 Rc8 10. O-O Be7 11. Qe2 O-O 12. Rfd1 Qc7 13. Na4 b5 14. Nb6 Rb8 15.
Nd5 Bxd5 16. Bxd5 Nb4 17. Bb3 Nxe4 18. Rac1 Nc5 19. Bxc5 Qxc5 20. c4 Rfc8 21.
g3 Nc6 22. cxb5 Qxb5 23. Qe4 Nd8 24. Nd4 Qb4 25. Rxc8 Rxc8 26. Qe2 Rc7 27. Nf5
a5 28. Qa6 Bf8 29. Qa8 Rd7 30. Rc1 d5 31. Qc8 Qb5 32. Rc7 Rxc7 33. Qxc7 Nc6 34.
Ne3 Nb4 35. Qxe5 Qe2 36. Bxd5 Qe1+ 37. Kg2 Qxf2+ 38. Kxf2 Nd3+ 39. Kf3 Nxe5+
40. Ke4 Bd6 41. Bb3 Kf8 {(=)} 42. Kd5 Bb8 43. Bd1 Ba7 44. Ke4 g6 45. Be2 Ke7
46. Nd5+ Kd6 47. Nf6 Bg1 48. Ne8+ Ke6 49. Nc7+ Kd6 50. Nb5+ Ke6 1/2-1/2

[Event "Vaujany 2022 Principal"]
[Site "Vaujany"]
[Date "2022.07.19"]
[Round "6.4"]
[White "Das, Sayantan"]
[Black "Degraeve, Remy"]
[Result "1/2-1/2"]
[WhiteElo "2449"]
[BlackElo "2403"]
[PlyCount "90"]
[EventDate "2022.07.14"]
[EventType "swiss"]
[EventRounds "9"]
[EventCountry "FRA"]
[SourceVersionDate "2022.07.14"]

1. e4 e5 2. Nf3 Nc6 3. Bb5 a6 4. Bxc6 dxc6 5. O-O Bd6 6. d4 exd4 7. Qxd4 f6 8.
Be3 Ne7 9. Nbd2 Be6 10. Qc3 Qd7 11. Rfd1 O-O-O 12. Nb3 Ng6 13. Nfd4 Qe7 14. Na5
Bb4 15. Ndxc6 Rxd1+ 16. Rxd1 Bxc3 17. Nxe7+ Nxe7 18. bxc3 Bxa2 19. Nb3 Nc6 20.
f3 Rd8 21. Rc1 a5 22. Nd4 Nxd4 23. cxd4 Bc4 24. Ra1 b6 25. Kf2 g6 26. Ke1 f5
27. Kd2 fxe4 28. fxe4 Re8 29. e5 Re6 30. g4 Kd7 31. Ra4 Bb5 32. Ra3 Re8 33. Bh6
Bc4 34. Ra4 Be6 35. c4 Bxg4 36. Ra3 c5 37. dxc5 bxc5 38. Rxa5 Rxe5 39. Kc3 Rh5
40. Bf4 Be2 41. Ra7+ Kc6 42. Ra6+ Kb7 43. Re6 Bf1 44. Re1 Bh3 45. Re5 Rxe5
1/2-1/2